000 01169cas a2200349 a 4500
001 11384802
003 ARRUPE
005 20131127121821.0
008 900801d19901991fr x p 0 0fre c
010 _a 91641111
_zsn 90023375
035 _a(OCoLC)ocm22167619
037 _bEditions l'Harmattan, 5-7, rue de l'Ecole-Polytechnique, 75005 Paris
040 _aMH
_beng
_cMH
_dMH
_dDLC
_dNST
_dMH
_dOCoLC
042 _apcc
043 _afb-----
050 0 0 _aPR9340.T374 1990
245 0 0 _aThéâtre sud.
260 _aParis :
_bHarmattan,
_cc1989-c1990.
300 _a3 v. :
_bill. ;
_c22 cm.
310 _aIrregular
362 0 _a1990/no 1-1991/no 3.
500 _aTitle from cover.
550 _aIssued by: Radio-France internationale.
590 _aSERBIB/SERLOC merged record
650 0 _aTheater
_zAfrica, Sub-Saharan
_vPeriodicals.
_94145
650 0 _aAfrican drama
_xHistory and criticism
_vPeriodicals.
_94146
710 2 _aRadio-France internationale.
_94147
776 0 8 _iOnline version:
_tThéâtre sud
_w(OCoLC)651756379
906 _a7
_bcbc
_cserials
_d2
_encip
_f19
_gn-oclcserc
942 _2lcc
_cMONOGRAPH
999 _c118762
_d118762